Introduction to modern virology (Record no. 395004)

MARC details
000 -LEADER
fixed length control field 00562 a2200229 4500
005 - DATE & TIME
control field 20260204144905.0
008 - FIXED-LENGTH DATA ELEMENTS--GENERAL INFORMATION
fixed length control field 260204b |||||||| |||| 00| 0 eng d
020 ## - ISBN
International Standard Book Number 9781119978107
Price $ 90.15
040 ## - CATALOGING SOURCE
Original cataloging agency VIVEKANANDA LIBRARY
082 ## - DDC NUMBER
Classification number 616.91
Book Number D596I(7)
100 ## - MAIN ENTRY--PERSONAL NAME
Personal name Dimmock, N J
245 ## - TITLE STATEMENT
Title Introduction to modern virology
250 ## - EDITION STATEMENT
Edition statement 7th
260 ## - PUBLICATION, DISTRIBUTION, ETC. (IMPRINT)
Name of publisher, distributor, etc Wiley Blackwell
Date of publication, distribution, etc 2016
Place of publication, distribution, etc West Sussex
300 ## - PHYSICAL DESCRIPTION
Pages xix, 519
650 ## - Subject
Subject Microorganisms
650 ## - Subject
Subject Viruses
650 ## - Subject
Subject Virology
700 ## - Added Entry Personal Name
Added Entry Personal Name Easton, A J
700 ## - Added Entry Personal Name
Added Entry Personal Name Leppard, K N
942 ## - ADDED ENTRY ELEMENTS (KOHA)
Koha item type Books
Holdings
Withdrawn status Lost status Source of classification or shelving scheme Damaged status Not for loan Location (home branch) Sublocation or collection (holding branch) Shelving location Date acquired Koha issues (times borrowed) Koha full call number Accession No. Koha date last seen Koha item type
    Dewey Decimal Classification     VIVEKANANDA LIBRARY VIVEKANANDA LIBRARY Vivekananda Library 27/01/2026   616.91 D596I(7) 444273 27/01/2026 Books
© Designed and Maintained by Vivekananda Library, MDU Rohtak